[Event "SC Gronau 1 - SC Steinfurt 1"]
[Site "Regionalliga 2015/2016"]
[Date "2016.05.07"]
[Round "9.2"]
[White "Storck, Martin"]
[Black "Engels, Natia"]
[Result "0-1"]
[WhiteElo "1936"]
[BlackElo "2042"]
[PlyCount "84"]
[EventDate "2016.??.??"]
[SourceDate "2015.09.11"]

1. c4 c5 2. Nc3 Nf6 3. e4 Nc6 4. Nf3 d6 5. d4 Bg4 6. d5 Nd4 7. Be3 Nxf3+ 8.
gxf3 Bd7 9. f4 Ng4 10. Bd2 e5 11. h3 Nf6 12. fxe5 dxe5 13. Qf3 Qb6 14. Qg3
O-O-O 15. O-O-O Re8 16. Be2 Rg8 17. Bg5 Bd6 18. Rhg1 Qd8 19. Qh4 a6 20. Rd3 b5
21. Rf3 b4 22. Nd1 Be7 23. Rd3 Qa5 24. Kb1 h6 25. Bxf6 Bxf6 26. Qh5 g6 27. Qf3
Bg5 28. Qg2 f5 29. f3 Qb6 30. Qf2 Qd6 31. Bf1 Ref8 32. Ne3 fxe4 33. Rb3 Rxf3
34. Qe2 Ba4 35. Ng4 Bxb3 36. axb3 Rgf8 37. Bg2 Rxb3 38. Qxe4 Rf4 39. Qc2 Rg3
40. Re1 b3 41. Qe2 Qd7 42. Be4 Qa4 0-1

[Event "SC Gronau 1 - SC Steinfurt 1"]
[Site "Regionalliga 2015/2016"]
[Date "2016.05.07"]
[Round "9.3"]
[White "Grälken, Matthias"]
[Black "Langendijk, Andre"]
[Result "1-0"]
[WhiteElo "2021"]
[BlackElo "1945"]
[PlyCount "65"]
[EventDate "2016.??.??"]
[SourceDate "2015.09.11"]

1. d4 Nf6 2. Bg5 Ne4 3. Bf4 d5 4. e3 Bf5 5. f3 Nf6 6. c4 c6 7. Nc3 e6 8. Qb3
Qb6 9. c5 Qxb3 10. axb3 Nbd7 11. b4 b5 12. g4 Bc2 13. Kd2 Bb3 14. Ra3 Bc4 15.
Bg2 Bxc5 16. dxc5 e5 17. Bg3 d4 18. exd4 exd4 19. Ne4 O-O 20. Nd6 Nd5 21. b3
Nc3 22. bxc4 Nb1+ 23. Kd3 Nxa3 24. cxb5 Nxb5 25. Nxb5 cxb5 26. f4 Rad8 27. Bh4
f6 28. Bd5+ Kh8 29. Bc6 g5 30. Bg3 a6 31. Nf3 Nb8 32. Be4 gxf4 33. Bxf4 1-0

[Event "SC Gronau 1 - SC Steinfurt 1"]
[Site "Regionalliga 2015/2016"]
[Date "2016.05.07"]
[Round "9.4"]
[White "Lütkehermölle, Martin"]
[Black "Wild, Helmut"]
[Result "1-0"]
[WhiteElo "1973"]
[BlackElo "1902"]
[PlyCount "59"]
[EventDate "2016.??.??"]
[SourceDate "2015.09.11"]

1. e4 c6 2. d4 d5 3. e5 Bf5 4. Nf3 e6 5. Be2 Nd7 6. Nbd2 b5 7. a4 a6 8. O-O Bg6
9. c3 Nb6 10. b3 b4 11. cxb4 Bxb4 12. Ba3 Bxa3 13. Rxa3 a5 14. Qc1 Ne7 15. Nh4
O-O 16. Nxg6 hxg6 17. Qc3 Nd7 18. f4 Qb6 19. Nf3 c5 20. Bb5 cxd4 21. Qxd4 Nc5
22. Rc1 Rfc8 23. Ra2 Rc7 24. Rac2 Rac8 25. g4 f6 26. Ne1 Kf7 27. Nd3 Nxd3 28.
Qxb6 Rxc2 29. Rxc2 Rxc2 30. Bxd3 1-0

[Event "SC Gronau 1 - SC Steinfurt 1"]
[Site "Regionalliga 2015/2016"]
[Date "2016.05.07"]
[Round "9.5"]
[White "Yust, Evgeniy"]
[Black "Tsoukkerman, Boris"]
[Result "1/2-1/2"]
[WhiteElo "1907"]
[BlackElo "1917"]
[PlyCount "119"]
[EventDate "2016.??.??"]
[SourceDate "2015.09.11"]

1. e4 Nf6 2. Nc3 d5 3. e5 d4 4. exf6 dxc3 5. bxc3 exf6 6. Nf3 Bd6 7. Be2 O-O 8.
O-O b6 9. Nd4 Bb7 10. Bf3 Bxf3 11. Qxf3 Nd7 12. Nf5 Ne5 13. Qg3 g6 14. d4 Nc4
15. Qd3 b5 16. Nh6+ Kh8 17. Ng4 f5 18. Ne3 Nxe3 19. Bxe3 Qh4 20. g3 Qe4 21. a4
a6 22. Rfb1 c6 23. Ra2 Qd5 24. Rba1 Rab8 25. axb5 axb5 26. Ra7 Rfe8 27. Bg5 Bf8
28. Bf4 Rbd8 29. Bg5 Rd6 30. Ra8 Rde6 31. Rxe8 Rxe8 32. Bd2 Bg7 33. Ra7 Kg8 34.
f3 h5 35. Kf2 b4 36. Ra4 bxc3 37. Bxc3 Bh6 38. Bd2 Bg7 39. Qc4 Qd7 40. c3 f4
41. Kg2 fxg3 42. hxg3 Qe7 43. Kf2 Bh6 44. Qd3 h4 45. d5 hxg3+ 46. Kxg3 Bxd2 47.
Qxd2 Qe5+ 48. f4 Qxd5 49. Qxd5 cxd5 50. Rd4 Re3+ 51. Kg4 f5+ 52. Kh4 Rxc3 53.
Rxd5 Kf7 54. Rd7+ Ke6 55. Rg7 Kf6 56. Ra7 Rc1 57. Ra6+ Kg7 58. Kg3 Rg1+ 59. Kf2
Rg4 60. Kf3 1/2-1/2

[Event "SC Gronau 1 - SC Steinfurt 1"]
[Site "Regionalliga 2015/2016"]
[Date "2016.05.07"]
[Round "9.6"]
[White "Reckzügel, Philipp"]
[Black "Janning, Rainer"]
[Result "1/2-1/2"]
[WhiteElo "1900"]
[BlackElo "1887"]
[PlyCount "104"]
[EventDate "2016.??.??"]
[SourceDate "2015.09.11"]

1. d4 d5 2. c4 c6 3. e3 e6 4. Nf3 f5 5. Nc3 Nf6 6. Bd3 Bd6 7. O-O O-O 8. b3 Ne4
9. Bb2 Nd7 10. Rc1 Rf6 11. Ne5 Rh6 12. cxd5 Nxe5 13. dxe5 Bxe5 14. g3 Bxc3 15.
Bxc3 Nxc3 16. Rxc3 exd5 17. b4 Qd6 18. a3 Bd7 19. Qc2 Rf6 20. Rd1 g6 21. Bf1 a6
22. Bg2 Rff8 23. Rc5 Be6 24. Qa4 Rfc8 25. Qa5 Qd8 26. Qxd8+ Rxd8 27. a4 Rac8
28. a5 Kf7 29. Rd4 Kf6 30. f4 Ke7 31. Kf2 Kd6 32. Bf1 Rb8 33. Kf3 Rd7 34. h3
Rc7 35. Be2 Bc8 36. g4 b6 37. axb6 Rxb6 38. Ra5 Ra7 39. g5 Re7 40. Bd3 Bb7 41.
h4 Bc8 42. Kf2 Rc7 43. e4 fxe4 44. Bxe4 Rf7 45. Bd3 Rc7 46. Be4 Bf5 47. Bxf5
gxf5 48. h5 c5 49. bxc5+ Rxc5 50. Raa4 Rc3 51. Rd2 Rcb3 52. Rda2 Rb2+ 1/2-1/2

[Event "SC Gronau 1 - SC Steinfurt 1"]
[Site "Regionalliga 2015/2016"]
[Date "2016.05.07"]
[Round "9.7"]
[White "Raue, Thorsten"]
[Black "Binger, Friedhelm"]
[Result "1-0"]
[WhiteElo "1797"]
[BlackElo "1712"]
[PlyCount "109"]
[EventDate "2016.??.??"]
[SourceDate "2015.09.11"]

1. b4 d5 2. Bb2 c6 3. e3 Nf6 4. Nf3 Nbd7 5. c4 e6 6. b5 Bd6 7. Be2 O-O 8. O-O
e5 9. d4 e4 10. Nfd2 Re8 11. a4 Nf8 12. Nc3 Be6 13. Qb3 Ng6 14. Rfc1 Ne7 15.
Ba3 h6 16. Rab1 Rb8 17. Qa2 Rc8 18. a5 Bb8 19. a6 b6 20. c5 Nd7 21. Na4 Bc7 22.
cxb6 Bxb6 23. Bxe7 Rxe7 24. bxc6 Nb8 25. Nxb6 axb6 26. a7 Nxc6 27. Rxc6 Ra8 28.
Rcxb6 Rexa7 29. Qb3 Ra2 30. Qd1 Rc8 31. R6b2 Qa5 32. Nb3 Qa3 33. Rxa2 Qxa2 34.
Nc5 Bf5 35. h3 Rc6 36. Kf1 Rf6 37. Qb3 Qd2 38. Rd1 Qa5 39. Qxd5 Bg6 40. Qc4 Kh7
41. Qc2 Qc7 42. Rb1 Qh2 43. Ke1 Qxg2 44. Bf1 Qg1 45. Nd7 Rf3 46. Nf8+ Kg8 47.
Nxg6 fxg6 48. Rb7 Qh2 49. Qb2 h5 50. d5 Rf6 51. Rb4 Qh1 52. Rd4 Kh7 53. d6 Qh2
54. d7 Rf3 55. Qd2 1-0

[Event "SC Gronau 1 - SC Steinfurt 1"]
[Site "Regionalliga 2015/2016"]
[Date "2016.05.07"]
[Round "9.8"]
[White "Baer, Klaus"]
[Black "Freitag, Michael"]
[Result "0-1"]
[WhiteElo "1602"]
[BlackElo "1716"]
[PlyCount "62"]
[EventDate "2016.??.??"]
[SourceDate "2015.09.11"]

1. c4 e6 2. Nc3 d5 3. d4 f5 4. e3 Nf6 5. Nf3 c6 6. a3 Bd6 7. Bd3 O-O 8. O-O Ne4
9. Qe2 Nd7 10. Bd2 Qf6 11. cxd5 exd5 12. Rac1 g5 13. b4 Qh6 14. g3 Ndf6 15. Kg2
Kh8 16. Rh1 Nxd2 17. Qxd2 Ne4 18. Qe2 Qg7 19. Na4 f4 20. exf4 gxf4 21. Bxe4
dxe4 22. Qxe4 Bf5 23. Qe1 Rae8 24. Ne5 f3+ 25. Kg1 Bh3 26. Qc3 Bxe5 27. dxe5
Rxe5 28. Nc5 Rfe8 29. Nb3 Re1+ 30. Qxe1 Rxe1+ 31. Rxe1 Qc3 0-1

[Event "SK Dülmen 1 - SK Münster 2"]
[Site "Regionalliga 2015/2016"]
[Date "2016.05.07"]
[Round "9.1"]
[White "Holtel, Jasper"]
[Black "Wewers, Reinhard"]
[Result "1/2-1/2"]
[WhiteElo "2189"]
[BlackElo "2017"]
[PlyCount "62"]
[EventDate "2016.??.??"]
[SourceDate "2015.09.11"]

1. e4 e6 2. d4 d5 3. Nc3 Nf6 4. Bg5 Bb4 5. e5 h6 6. Bd2 Bxc3 7. bxc3 Ne4 8. Qg4
Kf8 9. Bd3 Nxd2 10. Kxd2 Qg5+ 11. Qxg5 hxg5 12. Nh3 g4 13. Nf4 c5 14. Be2 Nc6
15. Ke3 g5 16. Nd3 c4 17. Nb4 Ne7 18. a3 a5 19. Na2 Nf5+ 20. Kd2 Nh6 21. h3
gxh3 22. Rxh3 Kg7 23. Rah1 Bd7 24. Rh5 Kg6 25. g3 f5 26. f4 g4 27. Rg5+ Kf7 28.
Bf1 Rag8 29. Bg2 Rg6 30. Rgh5 Kg7 31. Ke3 Nf7 1/2-1/2

[Event "SK Dülmen 1 - SK Münster 2"]
[Site "Regionalliga 2015/2016"]
[Date "2016.05.07"]
[Round "9.2"]
[White "Grund, Wolfgang"]
[Black "Virnyi, Julius"]
[Result "1/2-1/2"]
[WhiteElo "1898"]
[BlackElo "2072"]
[PlyCount "92"]
[EventDate "2016.??.??"]
[SourceDate "2015.09.11"]

1. e4 c5 2. Nf3 d6 3. d4 cxd4 4. Nxd4 Nf6 5. Bd3 e5 6. Nf3 Be7 7. O-O O-O 8.
Bg5 Be6 9. Nbd2 Nbd7 10. c3 Nc5 11. Bc2 b5 12. Qe2 Rb8 13. b3 a5 14. Rfd1 Qc7
15. Rac1 a4 16. h3 Rfd8 17. b4 Ncd7 18. Bb1 Nb6 19. Be3 h6 20. Qxb5 Nc4 21.
Qxa4 Nb2 22. Qc2 Nxd1 23. Rxd1 Rdc8 24. Rc1 Qb7 25. a4 Qa6 26. Qd1 Nd7 27. a5
Rc7 28. Ne1 Rbc8 29. Bd3 Qa8 30. c4 Rb7 31. Qa4 d5 32. exd5 Rxb4 33. Qd1 Bxd5
34. cxd5 Rxc1 35. Qxc1 Qxa5 36. d6 Bxd6 37. Nc4 Qc7 38. Nxd6 Qxd6 39. Qc8+ Nf8
40. Qc2 Rb8 41. Bc5 Qc6 42. Be4 Qc7 43. Bxf8 Qxc2 44. Nxc2 Kxf8 45. Ne3 Rb4 46.
f3 Kg8 1/2-1/2

[Event "SK Dülmen 1 - SK Münster 2"]
[Site "Regionalliga 2015/2016"]
[Date "2016.05.07"]
[Round "9.3"]
[White "Kaufhold, Thomas"]
[Black "Rebber, Christian"]
[Result "1-0"]
[WhiteElo "2037"]
[BlackElo "1891"]
[PlyCount "65"]
[EventDate "2016.??.??"]
[SourceDate "2015.09.11"]

1. d4 d5 2. Nf3 Nf6 3. c4 c6 4. Nc3 Bf5 5. Qb3 Qb6 6. c5 Qc7 7. Bf4 Qc8 8. h3
h6 9. e3 e6 10. Be2 Be7 11. O-O O-O 12. Qa4 Nbd7 13. b4 a6 14. Qb3 Ne4 15. Na4
Bd8 16. Nb2 Bc7 17. a4 Bxf4 18. exf4 Qc7 19. Nd3 Bh7 20. b5 axb5 21. axb5 cxb5
22. Nde5 Nxe5 23. fxe5 b6 24. Rxa8 Rxa8 25. Rc1 g5 26. c6 h5 27. Bxb5 f6 28.
exf6 Qf4 29. Qe3 Qxf6 30. c7 Nd6 31. Bd7 g4 32. hxg4 hxg4 33. Qxe6+ 1-0

[Event "SK Dülmen 1 - SK Münster 2"]
[Site "Regionalliga 2015/2016"]
[Date "2016.05.07"]
[Round "9.4"]
[White "Liebing, Ingo"]
[Black "Emunds, Hans Georg"]
[Result "1/2-1/2"]
[WhiteElo "1770"]
[BlackElo "2119"]
[PlyCount "39"]
[EventDate "2016.??.??"]
[SourceDate "2015.09.11"]

1. c4 b6 2. Nc3 Bb7 3. e4 e6 4. g3 f5 5. Bg2 Nf6 6. Nge2 Nxe4 7. Nxe4 Bxe4 8.
Bxe4 fxe4 9. Nc3 Nc6 10. Nxe4 d5 11. Qa4 Qd7 12. Nc3 Nb4 13. Qd1 Nd3+ 14. Kf1
Bc5 15. Qf3 Nxc1 16. Rxc1 Rf8 17. Qd3 Rxf2+ 18. Ke1 O-O-O 19. b4 Qf7 20. bxc5
1/2-1/2

[Event "SK Dülmen 1 - SK Münster 2"]
[Site "Regionalliga 2015/2016"]
[Date "2016.05.07"]
[Round "9.5"]
[White "Jansen, Dirk"]
[Black "Kötting, Hans-Erich"]
[Result "1-0"]
[WhiteElo "1917"]
[BlackElo "1837"]
[PlyCount "95"]
[EventDate "2016.??.??"]
[SourceDate "2015.09.11"]

1. c4 Nf6 2. Nc3 e6 3. e4 d6 4. d4 Nbd7 5. Nf3 Be7 6. Be2 O-O 7. O-O b6 8. Qc2
Bb7 9. Be3 Ng4 10. Bd2 Kh8 11. h3 Ngf6 12. Be3 Ng8 13. Bd3 g6 14. Rfe1 Bf6 15.
Rad1 Bg7 16. d5 e5 17. Qd2 f5 18. Bg5 Qc8 19. exf5 gxf5 20. Nh2 a5 21. f4 Qe8
22. Nb5 Rc8 23. fxe5 dxe5 24. Nd4 h6 25. Nxf5 Rxf5 26. Bxf5 hxg5 27. Qxg5 Bf6
28. Qg4 Rd8 29. Bg6 Qf8 30. Rf1 Qh6 31. Rf5 Qe3+ 32. Kh1 Nf8 33. Rdf1 Bc8 34.
Qh5+ Kg7 35. Ng4 Bxf5 36. Nxe3 Bxg6 37. Qf3 Nh7 38. Ng4 e4 39. Qf4 Rd6 40. Nxf6
Ngxf6 41. g4 Nd7 42. h4 Nhf6 43. h5 Be8 44. Qg5+ Kh7 45. Kg2 Ng8 46. Qf5+ Kg7
47. Qxe4 Ndf6 48. Qe5 1-0

[Event "SK Dülmen 1 - SK Münster 2"]
[Site "Regionalliga 2015/2016"]
[Date "2016.05.07"]
[Round "9.7"]
[White "Austrup, David"]
[Black "Döhler, Thorsten"]
[Result "1-0"]
[WhiteElo "1903"]
[BlackElo "1798"]
[PlyCount "97"]
[EventDate "2016.??.??"]
[SourceDate "2015.09.11"]

1. e4 e5 2. Nf3 d5 3. Nxe5 Bd6 4. d4 dxe4 5. Nc3 Nf6 6. Bg5 Bf5 7. Bc4 O-O 8.
Nd5 c6 9. Ne3 Be6 10. Bxe6 fxe6 11. Qe2 Bxe5 12. dxe5 Qa5+ 13. c3 Qxe5 14. Bh4
Qh5 15. Qxh5 Nxh5 16. Rd1 Nf4 17. Rd4 Nd3+ 18. Ke2 Nc5 19. b4 Na4 20. Rc1 Na6
21. Rxe4 Nc7 22. c4 Rae8 23. Bg3 Rf7 24. Ng4 Nb6 25. Ne5 Rf5 26. Nxc6 bxc6 27.
Bxc7 Nd7 28. Rd1 Nf6 29. Red4 e5 30. Rd8 Rxd8 31. Rxd8+ Kf7 32. f3 Rh5 33. h3
e4 34. f4 g5 35. Rd1 Ke6 36. f5+ Kxf5 37. g4+ Nxg4 38. Rf1+ Kg6 39. hxg4 Rh4
40. Rg1 h5 41. Ke3 hxg4 42. Kxe4 g3+ 43. Kd3 Rh2 44. Rxg3 Rxa2 45. Kd4 Kf5 46.
Kc5 Rc2 47. Ra3 g4 48. Rxa7 Ke6 49. Ra6 1-0

[Event "SK Dülmen 1 - SK Münster 2"]
[Site "Regionalliga 2015/2016"]
[Date "2016.05.07"]
[Round "9.8"]
[White "Bickmann, Bernd"]
[Black "Lysyy, Volodymyr"]
[Result "1-0"]
[WhiteElo "1708"]
[BlackElo "1649"]
[PlyCount "112"]
[EventDate "2016.??.??"]
[SourceDate "2015.09.11"]

1. d4 d5 2. Nf3 Nf6 3. e3 g6 4. c4 c6 5. Be2 Bg7 6. O-O O-O 7. Nbd2 Nbd7 8. Rb1
dxc4 9. Nxc4 Nb6 10. Nce5 Nfd7 11. Nxd7 Bxd7 12. b3 Bf5 13. Bd3 Bxd3 14. Qxd3
c5 15. Rd1 cxd4 16. exd4 Nd5 17. a3 b5 18. Ne5 a6 19. g3 Qd6 20. Bb2 Rad8 21.
Rbc1 Rc8 22. Qf3 f6 23. Ng4 h5 24. Ne3 e6 25. b4 f5 26. Rc5 Ne7 27. Qb7 f4 28.
Ng2 fxg3 29. hxg3 e5 30. Ne3 Qf6 31. Rd2 Qd6 32. Rxc8 Rxc8 33. Nd5 Qxd5 34.
Qxe7 Rd8 35. Qg5 Kh7 36. Bc3 exd4 37. Qe7 Qd7 38. Qh4 d3 39. Bxg7 Kxg7 40. Qe4
Kh7 41. Qf3 Qd6 42. Qe4 Rd7 43. Qe3 Qd5 44. Kh2 Qd6 45. Qe4 Kg8 46. Kg1 Kg7 47.
Qf3 Qd5 48. Qe3 Qb3 49. Qe8 Rf7 50. Qe5+ Kh7 51. Qe8 Kg7 52. Qe5+ Kh7 53. Qe4
Qxa3 54. Rxd3 Qa1+ 55. Kg2 a5 56. Rd5 Qa4 1-0